000 005300000a22001690004500
090 _aAR
_b03706
245 1 0 _aUsefulness of the umbrella species concept as a conservation tool
650 1 4 _aEspecies sombrilla
_996482
650 1 4 _aCriterios de conservación
_996495
650 1 4 _aAreas protegidas
_978
650 1 4 _aRequerimientos ecológicos
_996353
041 0 _aInglés
700 1 _aAngelstam, Per
_997473
100 1 _aRoberge, Jean Michel
_997474
942 _cARTICULO
773 1 _tConservation Biology
_h1
_q76-85
_d2004
_g18
999 _c12753
_d12753